[Event "European Youth Chess Championship G14"]
[Site "Prague, Top Hotel Prague"]
[Date "2012.08.21"]
[Round "5.11"]
[White "Heinemann, Josefine"]
[Black "Haussernot, Cecile"]
[Result "0-1"]
[WhiteElo "1839"]
[BlackElo "2074"]
[PlyCount "68"]
[EventDate "2012.08.17"]

1. e4 c5 2. Nf3 d6 3. d4 cxd4 4. Nxd4 Nf6 5. Nc3 a6 6. Be3 e5 7. Nb3 Be6 8. f3
Be7 9. Qd2 O-O 10. O-O-O Nbd7 11. g4 b5 12. g5 b4 13. Ne2 Ne8 14. f4 exf4 15.
Bxf4 Qb6 16. h4 a5 17. Kb1 a4 18. Nbd4 Nc5 19. Nxe6 fxe6 20. Ng3 b3 21. Be3
bxa2+ 22. Ka1 Rb8 23. Bd4 Rf3 24. Qe1 a3 25. b4 Rxg3 26. Qxg3 Qxb4 27. Bh3 e5
28. Bc3 Qc4 29. Rhf1 Nxe4 30. Qd3 Qxc3+ 31. Qxc3 Nxc3 32. Be6+ Kh8 33. Rd3 Rb1+
34. Rxb1 axb1=Q# 0-1

[Event "European Youth Chess Championship G14"]
[Site "Prague, Top Hotel Prague"]
[Date "2012.08.21"]
[Round "5.12"]
[White "Dmochowska, Agnieszka"]
[Black "Gazikova, Veronika"]
[Result "1/2-1/2"]
[WhiteElo "1770"]
[BlackElo "2033"]
[PlyCount "101"]
[EventDate "2012.08.17"]

1. d4 Nf6 2. c4 g6 3. Nc3 Bg7 4. e4 d6 5. Nf3 O-O 6. Be2 e5 7. O-O Nc6 8. d5
Ne7 9. b4 Nd7 10. Nd2 f5 11. c5 Nf6 12. f3 f4 13. Nc4 g5 14. cxd6 cxd6 15. Nb5
Ne8 16. Bd2 Rf7 17. Be1 Ng6 18. Bf2 b6 19. Nxa7 Raxa7 20. Bxb6 Qd7 21. a4 Ra8
22. Bf2 Rb8 23. Nb6 Qb7 24. Bb5 Nf6 25. a5 Qc7 26. Qa4 Bb7 27. Rfc1 Qd8 28. Bc6
g4 29. Bxb7 Rfxb7 30. Qc6 Ne7 31. Qc3 gxf3 32. gxf3 Nd7 33. Nxd7 Qxd7 34. a6
Rb5 35. Qc7 Qxc7 36. Rxc7 Kf8 37. a7 Ra8 38. Rac1 Bf6 39. R1c4 Ke8 40. Kf1 Kd8
41. Be1 Rb6 42. Ke2 Ra6 43. Bf2 Ra2+ 44. Rc2 Rxc2+ 45. Rxc2 Nc8 46. b5 Nxa7 47.
Ra2 Rb8 48. Rxa7 Rxb5 49. Rxh7 Rb2+ 50. Kf1 Rb1+ 51. Kg2 1/2-1/2

[Event "European Youth Chess Championship G14"]
[Site "Prague, Top Hotel Prague"]
[Date "2012.08.21"]
[Round "5.13"]
[White "Edilsultanova, Zalina"]
[Black "Vasenina, Anna"]
[Result "0-1"]
[WhiteElo "1719"]
[BlackElo "1978"]
[PlyCount "102"]
[EventDate "2012.08.17"]

1. e4 c5 2. Nf3 d6 3. d4 cxd4 4. Nxd4 Nf6 5. Nc3 a6 6. h3 e6 7. g4 b5 8. Bg2
Bb7 9. O-O h6 10. a3 Nbd7 11. f4 g6 12. h4 e5 13. Nb3 Qb6+ 14. Kh1 Be7 15. Qe2
Rc8 16. Be3 Qc7 17. Rad1 Ba8 18. Bf3 Qc4 19. Qg2 h5 20. g5 Ng4 21. Bxg4 hxg4
22. Qxg4 Bxe4+ 23. Kg1 Bxc2 24. Nd2 Bxd1 25. Rxd1 Qe6 26. Qg3 Nc5 27. fxe5 Qxe5
28. Bf4 Qd4+ 29. Kg2 Rd8 30. Nde4 Nxe4 31. Rxd4 Nxg3 32. Kxg3 Rc8 33. Ne4 Rc4
34. Rxc4 bxc4 35. Bxd6 Bxd6+ 36. Nxd6+ Ke7 37. Nxc4 Rc8 38. Ne3 Ke6 39. Kf4 Rc1
40. b4 Rh1 41. Kg4 Rc1 42. a4 Ra1 43. a5 Rb1 44. Nc2 Rb2 45. Nd4+ Kd5 46. Nf3
Rxb4+ 47. Kg3 Ra4 48. Kf2 Rxa5 49. Ke2 Ra2+ 50. Kd1 Rf2 51. Ne1 Rf1 0-1

[Event "European Youth Chess Championship G14"]
[Site "Prague, Top Hotel Prague"]
[Date "2012.08.21"]
[Round "5.14"]
[White "Bluhm, Sonja Maria"]
[Black "Imanly, Magrura"]
[Result "0-1"]
[WhiteElo "1977"]
[BlackElo "1670"]
[PlyCount "74"]
[EventDate "2012.08.17"]

1. e4 e6 2. d4 d5 3. Nc3 Bb4 4. exd5 exd5 5. Bd3 Ne7 6. Qf3 c5 7. dxc5 d4 8. a3
Qa5 9. axb4 Qxa1 10. Nce2 Nbc6 11. Qg3 Nxb4 12. Qxg7 Nxd3+ 13. cxd3 Rg8 14.
Qxd4 Rxg2 15. Nf3 Bf5 16. Qe3 Rg8 17. Nfd4 Bd7 18. Kd2 Qa5+ 19. Nc3 Qxc5 20.
Re1 O-O-O 21. b4 Qxb4 22. Nc2 Qxc3+ 23. Kxc3 Nd5+ 24. Kd2 Nxe3 25. Rxe3 Rg2 26.
Rf3 Be6 27. Bb2 Rxh2 28. Be5 Rh3 29. Bg3 h5 30. d4 h4 31. Rc3+ Kd7 32. Rc7+ Ke8
33. Bf4 Rd7 34. Rc5 f6 35. Be3 Rh1 36. Nb4 h3 37. Ke2 h2 0-1

[Event "European Youth Chess Championship G14"]
[Site "Prague, Top Hotel Prague"]
[Date "2012.08.21"]
[Round "5.15"]
[White "Semonaviciute, Agne"]
[Black "Hojjatova, Aydan"]
[Result "1/2-1/2"]
[WhiteElo "1656"]
[BlackElo "1920"]
[PlyCount "81"]
[EventDate "2012.08.17"]

1. e4 c5 2. Nc3 Nc6 3. f4 e6 4. Nf3 Nge7 5. Bb5 a6 6. Bxc6 Nxc6 7. O-O Be7 8.
Kh1 O-O 9. d4 cxd4 10. Nxd4 Qb6 11. Nb3 d6 12. Qf3 f5 13. exf5 Rxf5 14. Be3 Qc7
15. g4 Rf7 16. Qe2 b5 17. f5 exf5 18. Nd5 Qb7 19. Qg2 Bf8 20. Nb6 Rb8 21. Nxc8
Rxc8 22. gxf5 Nb4 23. Qxb7 Rxb7 24. Bd4 Rxc2 25. Bc3 Nc6 26. Rae1 b4 27. Na1
bxc3 28. Nxc2 Rxb2 29. Ne3 Rxa2 30. Nd5 c2 31. f6 gxf6 32. Nxf6+ Kg7 33. Ne8+
Kg8 34. Nf6+ Kg7 35. Ne8+ Kg8 36. Nf6+ Kg7 37. Ne8+ Kg8 38. Nf6+ Kg7 39. Ne8+
Kg8 40. Nf6+ Kg7 41. Ne8+ 1/2-1/2

[Event "European Youth Chess Championship G14"]
[Site "Prague, Top Hotel Prague"]
[Date "2012.08.21"]
[Round "5.16"]
[White "Temel, Burcu Melis"]
[Black "Mokshanova, Elizaveta"]
[Result "1-0"]
[WhiteElo "1615"]
[BlackElo "1859"]
[PlyCount "101"]
[EventDate "2012.08.17"]

1. e4 c5 2. Nf3 Nc6 3. d3 g6 4. g3 Bg7 5. Bg2 Nf6 6. O-O O-O 7. Nbd2 d5 8. Re1
e6 9. c3 dxe4 10. dxe4 Rb8 11. a4 a6 12. Qc2 b5 13. axb5 axb5 14. Nb3 Nd7 15.
Be3 Qe7 16. Red1 Rd8 17. Nfd2 c4 18. Na5 Nxa5 19. Rxa5 Nc5 20. Nxc4 Nxe4 21.
Na3 Rxd1+ 22. Qxd1 b4 23. Bxe4 bxa3 24. Rxa3 e5 25. Ra7 Qf6 26. Qa4 Qd8 27. Bg5
f6 28. Qc4+ Kh8 29. Qf7 Qg8 30. Bxf6 Qxf7 31. Rxf7 Bxf6 32. Rxf6 Kg7 33. Rc6
Bh3 34. Rc7+ Kh6 35. Rb7 Rd8 36. f3 Rd2 37. f4 Rd1+ 38. Kf2 Rf1+ 39. Ke2 exf4
40. Rf7 f3+ 41. Rxf3 Ra1 42. Rf2 Ra2 43. Ke3 Be6 44. b4 Ra3 45. Kd4 Ra7 46. Bc6
Rc7 47. b5 Bf5 48. c4 Re7 49. b6 Re6 50. b7 Rd6+ 51. Kc5 1-0

[Event "European Youth Chess Championship G14"]
[Site "Prague, Top Hotel Prague"]
[Date "2012.08.21"]
[Round "5.17"]
[White "Shapar, Tatiana"]
[Black "Roklicer, Heike"]
[Result "1-0"]
[WhiteElo "1845"]
[BlackElo "1743"]
[PlyCount "101"]
[EventDate "2012.08.17"]

1. e4 c6 2. d4 d5 3. Nd2 dxe4 4. Nxe4 Bf5 5. Ng3 Bg6 6. N1e2 h6 7. Nf4 Bh7 8.
Bc4 Nf6 9. c3 b5 10. Bb3 g5 11. Nd3 Nbd7 12. f4 Bxd3 13. Qxd3 g4 14. h3 gxh3
15. Rxh3 Qc7 16. Bd2 Nb6 17. O-O-O a5 18. a3 Nbd5 19. Ne4 Nxe4 20. Qxe4 O-O-O
21. Bxd5 Rxd5 22. f5 Qd7 23. g4 Bg7 24. Rdh1 c5 25. Bxh6 Bxh6+ 26. Rxh6 Rxh6
27. Rxh6 cxd4 28. cxd4 Qc7+ 29. Kb1 Qc4 30. Rh1 Kd7 31. Re1 Qxd4 32. Qxe7+ Kc6
33. Rc1+ Rc5 34. Qxc5+ Qxc5 35. Rxc5+ Kxc5 36. g5 Kd5 37. g6 fxg6 38. fxg6 Ke6
39. Kc2 Kf6 40. Kd3 Kxg6 41. Kd4 Kf5 42. Kc5 b4 43. axb4 axb4 44. Kxb4 Ke5 45.
Kb5 Kd6 46. Kb6 Kd7 47. Kb7 Kd6 48. b4 Kd5 49. b5 Kc5 50. b6 Kb5 51. Kc7 1-0

[Event "European Youth Chess Championship G14"]
[Site "Prague, Top Hotel Prague"]
[Date "2012.08.21"]
[Round "5.18"]
[White "Suchomelova, Simona"]
[Black "Valieva, Rufina"]
[Result "1-0"]
[WhiteElo "1742"]
[BlackElo "1928"]
[PlyCount "89"]
[EventDate "2012.08.17"]

1. e4 c5 2. Nf3 d6 3. d4 cxd4 4. Nxd4 Nf6 5. Nc3 a6 6. Be2 Nbd7 7. O-O e6 8.
Be3 Be7 9. f4 O-O 10. Bf3 Qc7 11. g4 Rb8 12. g5 Ne8 13. a4 Nb6 14. Be2 Qd8 15.
a5 Nd7 16. Bd3 e5 17. Nf5 exf4 18. Nxe7+ Qxe7 19. Bxf4 Ne5 20. Nd5 Qe6 21. Ne3
Ng6 22. Bg3 Bd7 23. Nf5 Bc6 24. Qe2 Rc8 25. Nd4 Qe7 26. Nxc6 Rxc6 27. h4 Nc7
28. Bc4 Ne5 29. Bb3 Ne6 30. Rad1 Rfc8 31. Rd5 Nc5 32. Ba2 Rf8 33. Rfd1 Qc7 34.
c3 Ncd7 35. Kg2 b5 36. b4 Rxc3 37. Rxd6 Rc2 38. R6d2 Rxd2 39. Qxd2 Rc8 40. Bd5
g6 41. Qf2 Nf8 42. Bxe5 Qd7 43. Kg3 h5 44. Qf3 Nh7 45. Rf1 1-0

[Event "European Youth Chess Championship G14"]
[Site "Prague, Top Hotel Prague"]
[Date "2012.08.21"]
[Round "5.20"]
[White "Malassagne, Isabelle"]
[Black "Kahya, Gizem"]
[Result "1/2-1/2"]
[WhiteElo "1897"]
[BlackElo "1705"]
[PlyCount "104"]
[EventDate "2012.08.17"]

1. d4 d5 2. c4 c6 3. Nf3 Nf6 4. Nc3 e6 5. Bg5 Be7 6. cxd5 exd5 7. e3 Bf5 8. Bd3
Bg6 9. Ne5 Bxd3 10. Qxd3 Nbd7 11. Bxf6 Bxf6 12. Nxd7 Qxd7 13. O-O O-O 14. Rfc1
Be7 15. a3 a5 16. Na4 Ra6 17. Rc3 f5 18. g3 b5 19. Nc5 Bxc5 20. Rxc5 a4 21.
Rac1 Rf6 22. Qc2 g5 23. Kg2 f4 24. exf4 gxf4 25. Rc3 fxg3 26. Rxg3+ Kh8 27. Qe2
Qf5 28. Qe8+ Rf8 29. Qe5+ Qxe5 30. dxe5 Rf5 31. Re3 Kg8 32. Kh1 Rxf2 33. Rg1+
Kf8 34. e6 Ra7 35. Reg3 Ra6 36. Rg8+ Ke7 37. Re1 Rf8 38. Rg7+ Kf6 39. Rxh7 Raa8
40. Rc7 Rae8 41. e7 Rf7 42. Rxc6+ Kg7 43. Rc3 Rexe7 44. Rxe7 Rxe7 45. Rc5 d4
46. Rd5 Re1+ 47. Kg2 Re2+ 48. Kg1 Rxb2 49. Rxd4 Rb1+ $11 50. Kf2 Rb2+ 51. Kf1
Rxh2 52. Rb4 Ra2 1/2-1/2

[Event "European Youth Chess Championship G14"]
[Site "Prague, Top Hotel Prague"]
[Date "2012.08.21"]
[Round "5.21"]
[White "Kubicka, Anna"]
[Black "Sagadijeva, Anna"]
[Result "1/2-1/2"]
[WhiteElo "1642"]
[BlackElo "1890"]
[PlyCount "82"]
[EventDate "2012.08.17"]

1. f4 a6 2. Nf3 b5 3. e3 Bb7 4. Be2 c5 5. b3 Nf6 6. Bb2 g6 7. O-O Bg7 8. Ne5
O-O 9. Bf3 d5 10. d4 Qc7 11. Nc3 e6 12. Ne2 Nbd7 13. Ng3 Rad8 14. c3 Ne4 15.
Bxe4 dxe4 16. Qe2 f5 17. Ba3 Nxe5 18. fxe5 cxd4 19. exd4 Rf7 20. Qe1 Qc6 21.
Qe3 f4 22. Rxf4 Rxf4 23. Qxf4 Qxc3 24. Rf1 Qxd4+ 25. Kh1 Qd5 26. Qf7+ Kh8 27.
Ne2 e3 28. Nf4 Qd7 29. Qxd7 Rxd7 30. Bc5 Bxe5 31. Nxe6 Bg7 32. Bf8 e2 33. Bxg7+
Rxg7 34. Re1 Re7 35. Nf4 Rd7 36. Kg1 Rd2 37. Rxe2 Rxe2 38. Nxe2 Kg7 39. Kf2 Kf6
40. g3 Ke5 41. Ke3 g5 1/2-1/2

[Event "European Youth Chess Championship G14"]
[Site "Prague, Top Hotel Prague"]
[Date "2012.08.21"]
[Round "5.22"]
[White "Verstraeten, Iris"]
[Black "Maslova, Polina"]
[Result "1/2-1/2"]
[WhiteElo "1639"]
[BlackElo "1867"]
[PlyCount "164"]
[EventDate "2012.08.17"]

1. e4 c5 2. Nf3 Nc6 3. Bb5 g6 4. Bxc6 dxc6 5. d3 Bg7 6. h3 b6 7. Nc3 Nh6 8. Be3
f6 9. Qd2 Nf7 10. O-O e5 11. a3 O-O 12. Nh2 Be6 13. Nf3 Qc7 14. b3 Nd8 15. Ne2
Bf7 16. Rfb1 Ne6 17. b4 cxb4 18. axb4 Rfd8 19. Ra3 Bf8 20. Qc3 c5 21. bxc5 bxc5
22. Qa5 Qd6 23. Qa6 Qe7 24. Rb7 Rd7 25. Rxd7 Qxd7 26. Rb3 Nc7 27. Rb7 Nxa6 28.
Rxd7 Be6 29. Rb7 Nb4 30. Ne1 a5 31. c3 Nc6 32. Rb6 Nd8 33. Nc1 c4 34. d4 exd4
35. Bxd4 f5 36. e5 Bd5 37. Rb5 Bc6 38. Rb1 a4 39. f3 Bh6 40. Ne2 Ne6 41. Bf2
Nc7 42. Nc2 Bf8 43. Ned4 Be8 44. Ne3 Bf7 45. Rb7 Na6 46. e6 Be8 47. e7 Bg7 48.
Nxc4 Nc5 49. Rb1 a3 50. Nc2 a2 51. Rd1 Nb7 52. Be1 Kf7 53. Nb6 Ra6 54. Nd5 Be5
55. Ndb4 Ra8 56. Ra1 Kxe7 57. Rxa2 Rxa2 58. Nxa2 Kd6 59. Kf2 Nc5 60. Ncb4 Bf7
61. Bd2 Nb3 62. Be1 Kc5 63. Nd3+ Kd6 64. Nxe5 Kxe5 65. Nb4 Bc4 66. g3 Nc5 67.
Bd2 Nd3+ 68. Nxd3+ Bxd3 69. h4 Bc4 70. Ke3 Ba2 71. Bc1 Bc4 72. Ba3 Ba2 73. Bc5
Bc4 74. Bd4+ Ke6 75. Kf4 h5 76. Kg5 Kf7 77. g4 fxg4 78. fxg4 hxg4 79. Kxg4 Bd3
80. Kg5 Ke6 81. Kf4 Kd5 82. Bf6 Kc4 1/2-1/2

[Event "European Youth Chess Championship G14"]
[Site "Prague, Top Hotel Prague"]
[Date "2012.08.21"]
[Round "5.23"]
[White "Rakic, Teodora"]
[Black "Shahbazyan, Hasmik"]
[Result "1-0"]
[WhiteElo "1832"]
[BlackElo "1665"]
[PlyCount "73"]
[EventDate "2012.08.17"]

1. d4 Nf6 2. c4 g6 3. Nc3 Bg7 4. e4 d6 5. h3 O-O 6. Nge2 e5 7. d5 c6 8. g4 cxd5
9. cxd5 Nbd7 10. Ng3 Nc5 11. b4 Ncd7 12. Be3 Nb6 13. Qd2 Bd7 14. Bh6 Rc8 15.
Bxg7 Kxg7 16. Bd3 Qc7 17. Rc1 Na4 18. Nce2 Qb6 19. O-O Bb5 20. Bxb5 Qxb5 21.
Kh2 Nb6 22. Nf5+ Kh8 23. Nxd6 Rxc1 24. Nxb5 Rxf1 25. Ng3 Rb1 26. Na3 Ra1 27.
Qb2 Rd1 28. Qxe5 Nbd7 29. Qb2 Kg8 30. Qc2 Re1 31. Kg2 Re8 32. f3 Nxd5 33. exd5
Nf6 34. Kf2 Nxd5 35. Qd2 Nxb4 36. Qxb4 Rd1 37. Qc3 1-0

[Event "European Youth Chess Championship G14"]
[Site "Prague, Top Hotel Prague"]
[Date "2012.08.21"]
[Round "5.24"]
[White "Dzurjaninova, Hana"]
[Black "Vasova, Maria"]
[Result "1-0"]
[WhiteElo "1544"]
[BlackElo "1804"]
[PlyCount "87"]
[EventDate "2012.08.17"]

1. e4 d6 2. d4 Nf6 3. Nc3 g6 4. Nf3 Bg7 5. Be2 O-O 6. O-O c6 7. h3 b5 8. a3
Nbd7 9. Be3 Nb6 10. Nd2 Bb7 11. Bf3 Qc7 12. Re1 a6 13. Qe2 Nbd7 14. Na2 c5 15.
c3 Rfe8 16. b4 c4 17. Qd1 Nb6 18. Qb1 Na4 19. Bd1 Nb6 20. Bf3 Nfd7 21. Nf1 a5
22. Ng3 axb4 23. Qxb4 Ra4 24. Qb2 Rea8 25. Nc1 Bc6 26. Bd1 R4a5 27. Nce2 Na4
28. Qb4 Bb7 29. Bc2 Nb8 30. Bxa4 Nc6 31. Qb2 Rxa4 32. Qxb5 Rxa3 33. Rxa3 Rxa3
34. Qxc4 Ba6 35. Qd5 Ra5 36. Qb3 Na7 37. Rb1 Rb5 38. Qc2 Rxb1+ 39. Qxb1 Nb5 40.
Qb4 Na7 41. d5 Bd3 42. Qa4 Nb5 43. Qa8+ Bf8 44. Bh6 1-0

[Event "European Youth Chess Championship G14"]
[Site "Prague, Top Hotel Prague"]
[Date "2012.08.21"]
[Round "5.25"]
[White "Dakhundaridze, Nino"]
[Black "Jinely, Tamar"]
[Result "1/2-1/2"]
[WhiteElo "1635"]
[BlackElo "1789"]
[PlyCount "130"]
[EventDate "2012.08.17"]

1. e4 c5 2. Nf3 a6 3. d4 cxd4 4. Nxd4 Nf6 5. Nc3 e5 6. Nf3 Bb4 7. Bd2 O-O 8.
Bd3 d6 9. h3 Nbd7 10. O-O Bxc3 11. Bxc3 Nc5 12. Qe1 b6 13. b4 Na4 14. Rb1 b5
15. Ba1 Nb6 16. Nd2 Be6 17. a3 Nh5 18. Nb3 Nf4 19. Qe3 Rc8 20. Rfd1 Qc7 21. Nc1
Rfd8 22. Ne2 Nxe2+ 23. Qxe2 Nc4 24. Bxc4 Qxc4 25. Qd3 f6 26. Rbc1 Kf7 27. Bb2
Qa2 28. Ba1 Bc4 29. Qe3 Kg8 30. Kh2 Bf7 31. Qd3 Bc4 32. Qe3 Bf7 33. Qd3 Bg6 34.
Qe3 Rxc2 35. Rxc2 Qxc2 36. Re1 Rc8 37. Kg1 Qc4 38. Qb6 Qc6 39. Qe3 Bf7 40. Bb2
Bg6 41. Rc1 Qb7 42. Rxc8+ Qxc8 43. Qb6 Bxe4 44. Qxd6 Kf7 45. f3 Qc6 46. Qb8 Bd5
47. Qa7+ Kg6 48. Qf2 Bb3 49. Qh4 Qc4 50. Qxc4 Bxc4 51. Kf2 Kf5 52. Ke3 Bd5 53.
Bc3 Ke6 54. Be1 Bc4 55. g3 Kd5 56. h4 Bf1 57. Kf2 Bd3 58. Ke3 Kc4 59. Kd2 Bg6
60. Bf2 Be8 61. Bc5 g6 62. Bf8 Kb3 63. Bg7 Bc6 64. Bxf6 e4 65. fxe4 Bxe4
1/2-1/2

[Event "European Youth Chess Championship G14"]
[Site "Prague, Top Hotel Prague"]
[Date "2012.08.21"]
[Round "5.26"]
[White "Fuskova, Martina"]
[Black "Kubosova, Jana"]
[Result "0-1"]
[WhiteElo "1752"]
[BlackElo "1497"]
[PlyCount "52"]
[EventDate "2012.08.17"]

1. e4 c5 2. d4 cxd4 3. c3 d5 4. e5 dxc3 5. Nxc3 e6 6. f4 Nc6 7. Nf3 Bc5 8. Bd3
Nge7 9. Qc2 Nb4 10. Bb5+ Bd7 11. Qe2 O-O 12. a3 Bxb5 13. Nxb5 Qa5 14. Kf1 Nc2
15. Bd2 Qb6 16. Rc1 Ne3+ 17. Ke1 Nxg2+ 18. Qxg2 Qxb5 19. Qg5 Nf5 20. h4 Be7 21.
Qg2 Rfc8 22. b4 Qd3 23. Rg1 Rxc1+ 24. Bxc1 Rc8 25. Bd2 Rc2 26. a4 Bxb4 0-1

[Event "European Youth Chess Championship G14"]
[Site "Prague, Top Hotel Prague"]
[Date "2012.08.21"]
[Round "5.27"]
[White "Lahav, Michal"]
[Black "Kasapchuk, Oleksandra"]
[Result "1-0"]
[WhiteElo "1744"]
[BlackElo "1604"]
[PlyCount "61"]
[EventDate "2012.08.17"]

1. e4 c5 2. Nf3 Nc6 3. c3 d5 4. exd5 Qxd5 5. d4 e6 6. Be2 Nf6 7. O-O Be7 8. c4
Qd8 9. dxc5 O-O 10. Nc3 Bxc5 11. a3 a5 12. Qc2 b6 13. Bg5 h6 14. Bh4 Nd4 15.
Nxd4 Qxd4 16. Bg3 Qd7 17. Rad1 Qe7 18. Na4 Bb7 19. Qb3 Bc6 20. Nxc5 Qxc5 21.
Bd6 Qg5 22. Bf3 Bxf3 23. Qxf3 Rfe8 24. Rc1 Nd7 25. Qc6 Qd8 26. Rfd1 Qc8 27. Qb5
a4 28. Bb4 Ra7 29. Rc3 Qc7 30. Rg3 Nc5 31. Qxe8+ 1-0

[Event "European Youth Chess Championship G14"]
[Site "Prague, Top Hotel Prague"]
[Date "2012.08.21"]
[Round "5.29"]
[White "Meszarosova, Eva"]
[Black "Wu, Min"]
[Result "0-1"]
[WhiteElo "1580"]
[BlackElo "1831"]
[PlyCount "58"]
[EventDate "2012.08.17"]

1. e4 e5 2. Nf3 Nc6 3. Bc4 Bc5 4. d3 Nf6 5. Bg5 h6 6. Bh4 d6 7. h3 Be6 8. Bb3
g5 9. Bg3 Qd7 10. Nbd2 O-O-O 11. c3 Kb8 12. Bc2 Rde8 13. b4 Bb6 14. a4 a5 15.
b5 Ne7 16. c4 Ng6 17. Nb3 g4 18. hxg4 Bxg4 19. Qd2 Nh5 20. Nh4 Nhf4 21. f3 Nxh4
22. Rxh4 Be3 23. Qxa5 Nxg2+ 24. Ke2 Bb6 25. Qb4 Nxh4 26. Bxh4 Bxf3+ 27. Kd2 Qg4
28. Be1 Qg1 29. a5 Qe3+ 0-1

[Event "European Youth Chess Championship G14"]
[Site "Prague, Top Hotel Prague"]
[Date "2012.08.21"]
[Round "5.30"]
[White "Bulmaga, Elena"]
[Black "Kyrkjebo, Hanna B"]
[Result "1-0"]
[WhiteElo "1809"]
[BlackElo "1546"]
[PlyCount "83"]
[EventDate "2012.08.17"]

1. d4 d5 2. c4 c6 3. Nc3 Nf6 4. Nf3 a6 5. e3 b5 6. b3 Bg4 7. Be2 Nbd7 8. O-O e6
9. Bb2 Bd6 10. h3 Bh5 11. Ne5 Bxe2 12. Nxe2 Rc8 13. Rc1 O-O 14. Qd3 Rc7 15. Rc2
Qb8 16. Rfc1 Rfc8 17. cxd5 cxd5 18. Rxc7 Rxc7 19. Rxc7 Qxc7 20. f4 Ne4 21. Nc3
Ndf6 22. Nxe4 Nxe4 23. Qd1 f6 24. Nd3 Qa5 25. a4 bxa4 26. bxa4 Qb6 27. Qc2 e5
28. Qc8+ Kf7 29. fxe5 fxe5 30. Qd7+ Kf8 31. Qf5+ Kg8 32. Qe6+ Kf8 33. Nxe5 Qc7
34. Nd7+ Qxd7 35. Qxd7 Be7 36. Qxd5 Nf6 37. Qa8+ Kf7 38. d5 Ne4 39. Qxa6 Nd6
40. e4 Nxe4 41. Qe6+ Kf8 42. Qxe4 1-0

[Event "European Youth Chess Championship G14"]
[Site "Prague, Top Hotel Prague"]
[Date "2012.08.21"]
[Round "5.31"]
[White "Keetman, Maaike"]
[Black "Beluska, Tereza"]
[Result "1-0"]
[WhiteElo "1802"]
[BlackElo "1496"]
[PlyCount "71"]
[EventDate "2012.08.17"]

1. e4 c5 2. Nc3 Nc6 3. Bb5 g6 4. Bxc6 dxc6 5. d3 Bg7 6. Nf3 Nf6 7. O-O O-O 8.
Be3 b6 9. h3 Be6 10. Nd2 Qd7 11. f4 Rad8 12. Qe1 Ne8 13. g4 f5 14. gxf5 gxf5
15. e5 Kh8 16. Kh2 Nc7 17. Rf3 Nd5 18. Qh4 Bf7 19. Rg1 Nxc3 20. bxc3 Bxa2 21.
c4 e6 22. Rfg3 Rf7 23. Nf3 Re7 24. Ng5 h6 25. Ra1 Bxc4 26. dxc4 a5 27. Rgg1 Qa7
28. Nf7+ Rxf7 29. Qxd8+ Rf8 30. Qd6 Qf7 31. Qxc6 Qh5 32. Rg2 Rb8 33. Rag1 Rg8
34. Qb7 a4 35. Rxg7 Qe2+ 36. R1g2 1-0

[Event "European Youth Chess Championship G14"]
[Site "Prague, Top Hotel Prague"]
[Date "2012.08.21"]
[Round "5.33"]
[White "Bohanesova, Vendula"]
[Black "Ruth, Katarina"]
[Result "1-0"]
[WhiteElo "1653"]
[BlackElo "1483"]
[PlyCount "99"]
[EventDate "2012.08.17"]

1. e4 c5 2. Nf3 d6 3. d4 cxd4 4. Nxd4 Nf6 5. Nc3 g6 6. Be2 Bg7 7. O-O O-O 8.
Bg5 Nc6 9. Nb3 Bd7 10. Kh1 a6 11. f4 Rc8 12. Qe1 Qc7 13. Qh4 h6 14. Bxh6 Nb4
15. Bxg7 Kxg7 16. Rac1 Rh8 17. Qg3 Rh6 18. a3 Nc6 19. Nd5 Nxd5 20. exd5 Na5 21.
Nd2 b5 22. f5 Rch8 23. h3 Qc8 24. Bg4 Qd8 25. fxg6 Rxg6 26. Qc3+ f6 27. Bxd7
Qxd7 28. Rf3 Nb7 29. Rg3 Rxg3 30. Qxg3+ Kf7 31. Rf1 Nc5 32. c4 bxc4 33. Nxc4
Nb7 34. Rf4 Rg8 35. Rg4 Rxg4 36. Qxg4 Qxg4 37. hxg4 Kg6 38. Kh2 Kg5 39. Kg3 a5
40. b4 a4 41. Nb6 Nd8 42. Nxa4 e6 43. dxe6 Nxe6 44. b5 Nc7 45. b6 Na6 46. Nc3
Kg6 47. Nd5 Kf7 48. a4 Nc5 49. a5 Na6 50. Nc7 1-0

[Event "European Youth Chess Championship G14"]
[Site "Prague, Top Hotel Prague"]
[Date "2012.08.21"]
[Round "5.35"]
[White "Vangsgaard, Freja"]
[Black "Kanakova, Natalka"]
[Result "1/2-1/2"]
[WhiteElo "1550"]
[BlackElo "1652"]
[PlyCount "84"]
[EventDate "2012.08.17"]

1. Nf3 d5 2. g3 Nf6 3. Bg2 c6 4. O-O Nbd7 5. d3 e5 6. Nbd2 Bd6 7. e4 d4 8. Ne1
Qc7 9. Nc4 Nf8 10. f4 Ng6 11. h3 Bd7 12. f5 Ne7 13. a4 O-O-O 14. Bd2 Rdf8 15.
g4 h6 16. b4 g6 17. fxg6 fxg6 18. Qb1 Be6 19. b5 Bxc4 20. dxc4 Bc5 21. Nd3 b6
22. a5 Nd7 23. Rxf8+ Rxf8 24. Bxh6 Rf7 25. Bd2 bxa5 26. Bxa5 Bb6 27. Bb4 c5 28.
Bd2 Kb8 29. Qa2 Nc8 30. Qa6 Qb7 31. Qxb7+ Kxb7 32. Rf1 Rxf1+ 33. Bxf1 Nd6 34.
Nf2 Bd8 35. Bd3 Nb6 36. Ba5 Bh4 37. Bxb6 Kxb6 38. Kg2 Ka5 39. Nd1 Kb4 40. Nb2
Ka3 41. Nd1 Kb4 42. Nb2 Ka3 1/2-1/2

[Event "European Youth Chess Championship G14"]
[Site "Prague, Top Hotel Prague"]
[Date "2012.08.21"]
[Round "5.36"]
[White "Glapa, Anna"]
[Black "Lesnic, Galina"]
[Result "1/2-1/2"]
[WhiteElo "1594"]
[BlackElo "1490"]
[PlyCount "91"]
[EventDate "2012.08.17"]

1. e4 e5 2. Nf3 Nc6 3. Bc4 Bc5 4. c3 Nf6 5. d3 a6 6. b4 Ba7 7. O-O O-O 8. a4 d6
9. Bg5 h6 10. Be3 Ne7 11. Nbd2 Ng6 12. Qb3 c6 13. d4 Bg4 14. Be2 d5 15. Qc2
exd4 16. cxd4 dxe4 17. Nxe4 Bf5 18. Nxf6+ Qxf6 19. Qc3 Rfd8 20. Rfd1 Be4 21.
Ne5 Nxe5 22. dxe5 Qg6 23. f3 Bxe3+ 24. Qxe3 Bd5 25. Bd3 Qe6 26. Be4 Bxe4 27.
Qxe4 Qb3 28. Rd6 Re8 29. a5 Qb2 30. Re1 Rad8 31. e6 fxe6 32. Rxe6 Rxe6 33.
Qxe6+ Kh7 34. Qe4+ Kg8 35. Qf4 Qd4+ 36. Qxd4 Rxd4 37. Re4 Rd5 38. Kf2 Kf7 39.
Ke3 c5 40. Rc4 cxb4 41. Rc7+ Kg8 42. Rxb7 Rxa5 43. Rxb4 Ra2 44. Rf4 Kh7 45. h4
Rb2 46. h5 1/2-1/2

[Event "European Youth Chess Championship G14"]
[Site "Prague, Top Hotel Prague"]
[Date "2012.08.21"]
[Round "5.37"]
[White "Silva, Mariana Sofia T"]
[Black "Parhomenko, Margarita"]
[Result "1/2-1/2"]
[WhiteElo "1461"]
[BlackElo "1591"]
[PlyCount "111"]
[EventDate "2012.08.17"]

1. d4 d5 2. c4 c6 3. Nf3 Nf6 4. Nc3 e6 5. e3 Bd6 6. Qc2 Nbd7 7. Bd3 O-O 8. O-O
a6 9. e4 dxe4 10. Nxe4 Nxe4 11. Bxe4 Nf6 12. Bd3 h6 13. b3 Qe7 14. Bb2 c5 15.
Rfe1 cxd4 16. Nxd4 Qc7 17. Nf3 Nd7 18. Qc3 e5 19. Nh4 Re8 20. Rad1 Nf6 21. Bf5
e4 22. Qh3 Bxf5 23. Nxf5 Be5 24. Bc1 Rad8 25. Be3 Rd7 26. g3 Bc3 27. Rf1 Red8
28. Rc1 Bd2 29. Rcd1 Bxe3 30. Nxe3 Qc8 31. Qg2 Rd2 32. Nd5 Nxd5 33. Rxd2 Nc3
34. Rxd8+ Qxd8 35. Re1 Qd3 36. Qf1 Qd2 37. Re3 Qc2 38. Qe1 Nb1 39. Rxe4 Nd2 40.
Rf4 Qxa2 41. Qe8+ Kh7 42. Qe1 f6 43. Kg2 Qb2 44. b4 b6 45. Rf5 Nxc4 46. Rd5 Qc2
47. Rd4 f5 48. Rd7 Ne3+ 49. Kh3 Qc6 50. Rxg7+ Kxg7 51. Qxe3 Qd6 52. Qc3+ Kg6
53. Qb3 Kg7 54. Qc3+ Kh7 55. Qc4 Kg7 56. Qc3+ 1/2-1/2

[Event "European Youth Chess Championship G14"]
[Site "Prague, Top Hotel Prague"]
[Date "2012.08.21"]
[Round "5.39"]
[White "Serpetsidaki, Eva"]
[Black "Babic, Tijana"]
[Result "0-1"]
[WhiteElo "1408"]
[BlackElo "1566"]
[PlyCount "68"]
[EventDate "2012.08.17"]

1. e4 e6 2. d4 d5 3. exd5 exd5 4. Bd3 Bd6 5. Nf3 Bg4 6. O-O Nc6 7. c3 Nge7 8.
Bg5 f6 9. Bh4 Qd7 10. Re1 O-O-O 11. Bg3 Bxg3 12. fxg3 Qd6 13. Qc2 g6 14. Nbd2
Rdg8 15. Nb3 h5 16. Rf1 Nf5 17. Nc5 b6 18. Ba6+ Kb8 19. Qb3 Bxf3 20. Rxf3 Ncxd4
21. cxd4 Nxd4 22. Nb7 Nxb3 23. Nxd6 Nxa1 24. Nb5 Nc2 25. a3 c6 26. Rc3 cxb5 27.
Rxc2 Rd8 28. Rf2 Rd6 29. Bxb5 Rc8 30. Re2 d4 31. Bd3 g5 32. h4 Rc5 33. b4 Rc3
34. Bb5 d3 0-1